|
|
|
|
| LEADER |
00000nam0a2200000 4500 |
| 001 |
44855 |
| 005 |
20231031022938.0 |
| 010 |
|
|
|a 522201097X
|
| 035 |
|
|
|a (RuTPU)RU\TPU\book\46600
|
| 090 |
|
|
|a 44855
|
| 100 |
|
|
|a 20021127d2001 m y0rusy50 ca
|
| 101 |
0 |
|
|a rus
|
| 102 |
|
|
|a RU
|
| 105 |
|
|
|a a j 001zy
|
| 200 |
1 |
|
|a Делопроизводство и корреспонденция в вопросах и ответах
|e учебное пособие
|f М. И. Басаков
|
| 205 |
|
|
|a 3-е изд., перераб. и доп.
|
| 210 |
|
|
|a Ростов-на-Дону
|c Феникс
|d 2001
|
| 215 |
|
|
|a 320 с.
|c ил.
|
| 225 |
1 |
|
|a Учебники и учебные пособия
|
| 333 |
|
|
|a Исключено из фонда НТБ ТПУ
|
| 700 |
|
1 |
|a Басаков
|b М. И.
|g Михаил Иванович
|
| 801 |
|
1 |
|a RU
|b 63413507
|c 20021127
|g PSBO
|
| 801 |
|
2 |
|a RU
|b 63413507
|c 20220428
|g PSBO
|
| 942 |
|
|
|c BK
|